Xenoblade Chronicles 2: Blades - Statistics

General Stats
  • This quiz has been taken 157 times
  • The average score is 34 of 51
Answer Stats
Hint Answer % Correct
The Aegis Pyra/Mythra/Pnuma
100%
Tiger Dromarch
96%
The Flamebringer Brighid
92%
Electric Monkey Pandoria
87%
Artificial Blade JK Poppi QT
82%
Always has been, always will be Roc
82%
Story Spoiler Nia
80%
Artificial Blade JS Poppi α
79%
Artificial Blade JD Poppi QTπ
77%
I'm really feeling it Shulk
77%
Built by Shion Uzuki KOS-MOS
76%
Friend of another blade Theory
76%
Friend of another blade Praxis
75%
Universe flicker Fiora
74%
Used to belong to an emperor Aegaeon
72%
Loves food Boreas
71%
Beast Wulfric
71%
Strategist Akhos
69%
Fancies the Tsundere Mikhail
69%
Shy singer Ursula
69%
Zappy Electra
66%
Galactic Strike Corvin
65%
Goth/Emo Vale
65%
Dumplings Vess
65%
Unlucky Kassandra
64%
Chatty Kora
64%
Tsundere Patroka
64%
Stuck on a different planet Elma
62%
Forgetful Finch
62%
Artificial blade with J.A.R.V.I.S. Poppibuster
62%
Belonged to Malos Sever
62%
Book worm Adenine
61%
Puppet needing a master Azami
61%
Fireworks Devil Crossette
61%
Big... beauty? Dahlia
61%
Big... arms? Newt
60%
Phonex whisperer Nim
60%
Mary Magdalene T-elos
60%
Looking for a challenge Zenobia
60%
Loves dessert Gorg
58%
Lisp Obrona
58%
Trap Floren
57%
Loves himself Dagas
56%
Feminist Sheba
56%
Servant of Justice Godfrey
55%
Assassin Perceval
54%
Prospector Agate
53%
Bringer of distruction Herald
51%
Valiant protector of children Perun
47%
Rockrending Gauntlets Cressidus
46%
General Grievous Perdido
41%
No matching quizzes found
Score Distribution
Percent of People with Each Score
Percentile by Number Answered
Your Score History
You have not taken this quiz